000 01221cam a22003737a 4500
003 CHAP
005 20220329142428.0
008 010123d2000 us a r 00110 eng d
010 _a83311
011 _a84283
020 _a0139569960
035 _a94802
040 _cCHAP
082 0 4 _a635
_bD42
100 0 0 _aDecoteau, Dennis R.
_931484
245 1 0 _aVegetable crops
_c/by Dennis R. Decoteau
260 _aNew Jersey :
_bPrentice-Hall,
_cc.2000.
300 _a464 p. :
_bilus. ; gráfs.
590 _aBATCH-UPD
_b10
_c20130110
_lUCH01
_h1751
590 _aBATCH-UPD
_b10
_c20130410
_lUCH01
_h1129
590 _aBATCH-UPD
_b10
_c20130914
_lUCH01
_h1624
590 _aCONVERSION
_b10
_c20130109
_lUCH01
_h1346
650 1 4 _aHorticultura.
_956291
650 1 4 _aLegumbres.
_965680
650 1 4 _aLegumbres
_xAnálisis.
_965683
650 1 4 _aLegumbres
_xEnfermedades.
_965709
650 1 4 _aLegumbres
_xMercadeo.
_965740
650 1 4 _aLegumbres
_xValor nutritivo.
_965794
901 _aBK
905 _aPatricia Mendoza P.
942 _cLIBRO
949 _a635 D42
_bBC
_cLIBRO
_d33724000812889
_eLIBRO
_g208882
_h98900
_i94802
_si
_t$864.00
949 _a635 D42
_bBC
_cLIBRO
_d33724002324058
_eLIBRO
_fc.2
_gfotocopia
_h116217
_i94802
_sb
999 _c83311
_d83311